000 02483cam a2200445 i 4500
001 17883768
003 NUST
005 20221216163435.0
008 130912s2013 nyu b 001 0 eng
010 _a 2013020648
020 _a9781137367365
040 _aDLC
_beng
_cDLC
_erda
_dDLC
042 _apcc
043 _an-us---
_aa------
050 0 0 _aUA646.3
_b.G3167 2013
082 0 0 _a335.031091821,GAR
_223
084 _aPOL011000
_aPOL023000
_aPOL040020
_2bisacsh
100 1 _aGardner, Hall.
_9105120
245 1 0 _aNATO expansion and US strategy in Asia :
_bsurmounting the global crisis /
_cHall Gardner.
250 _aFirst edition.
264 1 _aNew York, NY :
_bPalgrave Macmillan,
_c2013.
300 _axiii, 270 pages ;
_c23 cm
336 _atext
_2rdacontent
337 _aunmediated
_2rdamedia
338 _avolume
_2rdacarrier
505 8 _aBreaking the Contemporary Impasse (Page-11), The Failure to Reach US-Soviet, US-Russian Accords (Page-29), The Reactivation of Containment (Page-53), Ramifications of the August 2008 Georgia-Russia War (Page-95), Missile Defences in the Euro-Atlantic, 'Wider Middle East' and Indo-Pacific (Page-95), The Perils of the US 'Pivot' to Asia (Page-119), Surmounting the Geostrategic Dimensions of the Transatlantic Financial Crisis (Page-139), Toward a New Europe and World-Wide System of Regional Peace and Development Communities(Page-159).
610 2 0 _aNorth Atlantic Treaty Organization
_xMembership.
_9105121
610 2 0 _aNorth Atlantic Treaty Organization
_zRussia (Federation)
_9105122
650 7 _aPOLITICAL SCIENCE / International Relations / General.
_2bisacsh
_997134
650 7 _aPOLITICAL SCIENCE / Economic Conditions.
_2bisacsh
_995249
650 7 _aPOLITICAL SCIENCE / Government / International.
_2bisacsh
_999865
651 0 _aUnited States
_xMilitary relations
_zRussia (Federation)
_9105123
651 0 _aRussia (Federation)
_xMilitary relations
_zUnited States.
_9105124
651 0 _aAsia
_xStrategic aspects.
_951996
856 4 2 _3Cover image
_uhttp://www.netread.com/jcusers2/bk1388/365/9781137367365/image/lgcover.9781137367365.jpg
856 4 2 _3Contributor biographical information
_uhttps://www.loc.gov/catdir/enhancements/fy1609/2013020648-b.html
856 4 2 _3Publisher description
_uhttps://www.loc.gov/catdir/enhancements/fy1609/2013020648-d.html
856 4 1 _3Table of contents only
_uhttps://www.loc.gov/catdir/enhancements/fy1609/2013020648-t.html
942 _2ddc
_cBK
_k335.031091821,GAR
999 _c592719
_d592719